Strategic management : text and cases

Αποθηκεύτηκε σε:
Λεπτομέρειες βιβλιογραφικής εγγραφής
Κύριος συγγραφέας: Boseman, F. Glenn
Άλλοι συγγραφείς: Phatak, Arvind
Μορφή: Βιβλίο
Γλώσσα:English
Δημοσίευση: New York : John Wiley, 1989
Έκδοση:2nd ed.
Θέματα:
Ετικέτες: Προσθήκη ετικέτας
Δεν υπάρχουν, Καταχωρήστε ετικέτα πρώτοι!

MARC

LEADER 00000nam a2200000 i 4500
001 1/51748
008 960508s1989 eng d
020 |a 0471503126 
035 |l 10027226 
040 |a GR-MY-UA  |b gre  |e aacr 
041 0 |a eng 
082 0 |a 658.4012 
100 1 |a Boseman, F. Glenn. 
245 1 0 |a Strategic management :  |b text and cases /  |c Glenn Boseman, Arvind Phatak 
250 |a 2nd ed. 
260 |a New York :   |b John Wiley,   |c 1989 
300 |a xvi, 860 σ. 
650 0 0 |a Strategic planning. 
650 0 0 |a Strategic planning  |v Case studies. 
700 1 |a Phatak, Arvind. 
852 |a INST  |b CHIOS  |e 19960508  |h 658.4012 BOS  |p 005200000176  |q 005200000176  |t BK  |y 0 
909 |a Χ  |b 017118